| 000 | 00802nam a2200217 a 4500 | ||
|---|---|---|---|
| 003 | CBULib | ||
| 005 | 20250605144045.0 | ||
| 008 | 220713s1988 ||||||||||||||||| || u | ||
| 040 |
_aCBULib _bEnglish _cCBULib _erda |
||
| 041 | _aeng | ||
| 050 | _aCBU(02)1988/2 | ||
| 110 |
_aThe Copperbelt University(CBU) _91351 |
||
| 245 | 1 | 0 |
_aTransformation of Z.I.T under the Copperbelt University : presentation to the Ministry of Higher Education by Z.I.T Senate _c/ by The Copperbelt University(CBU) |
| 260 |
_aKitwe : _bCopperbelt University, _c1988. |
||
| 300 | _a55 pages [various pages] : illustrations | ||
| 336 |
_2rdacontent _aText | _btxt |
||
| 337 |
_2rdamedia _aUnmediated | _bn |
||
| 338 |
_2rdacarrier _aVolume _bnc |
||
| 942 |
_2mc _c030 |
||
| 999 |
_c60293 _d60293 |
||